Bezpečnosť a ochrana zdravia pri výrobe špeciálnych káblov pre ťažbu ropy

Salvato in:
Dettagli Bibliografici
Autore principale: Chovancová, Veronika (Autore)
Altri autori: Kuracina, Richard (Relatore della tesi)
Natura: Manoscritto Libro
Lingua:slovacco
Pubblicazione: 2015
Soggetti:
Accesso online:http://is.stuba.sk/zp/portal_zp.pl?podrobnosti=96395
Tags: Aggiungi Tag
Nessun Tag, puoi essere il primo ad aggiungerne!!

MARC

LEADER 00000ntm a22000003a 4500
001 stuzp52106
003 SK-STU
005 20160719154049.8
007 ta
008 150427s2015----xo-----f-mn---000-0-slo-d
040 |a STU  |b slo 
041 0 |a slo 
100 1 |a Chovancová, Veronika  |u 065000  |4 aut  |U MTF Materiálovotechnologická fakulta  |T MTF Ústav bezpečnosti, environmentu a kvality  |X 46972  |U M5000  |Y 85  |7 46972 
242 0 1 |a Occupational Safety and Health in the Production of Special cables of Petroleum Production  |y eng 
245 1 0 |a Bezpečnosť a ochrana zdravia pri výrobe špeciálnych káblov pre ťažbu ropy 
260 |c 2015 
650 4 |a riziko  |2 slo 
650 4 |a vulkanizačná linka  |2 slo 
650 4 |a FMEA  |2 slo 
650 4 |a FMEA  |2 eng 
650 4 |a risk  |2 eng 
650 4 |a vulcanization line  |2 eng 
700 1 |a Kuracina, Richard  |4 ths  |X 38282  |7 A000038282 
856 4 |u http://is.stuba.sk/zp/portal_zp.pl?podrobnosti=96395 
996 |c M* BP-7469  |l MMSKP  |s P  |a 0  |w stuzp52106_0001 
SQL |a stuzp52106  |b DBP  |c SLO  |d Bezpečnosť a ochrana zdravia pri výrobe špeciálnych káblov pre ťažbu ropy  |e 46972  |f Chovancová, Veronika  |g 065000  |h 38282  |i Kuracina, Richard  |j 20150623  |k 169  |l 06  |m http://is.stuba.sk/zp/portal_zp.pl?podrobnosti=96395  |n B-BOZ  |o 8.3.5. bezpečnosť a ochrana zdravia pri práci